Statistics for Which is the best STAN?

Click here to take the quiz!

General Stats

  • This quiz has been taken 15 times
  • The average score is 8 of 22

Answer Stats

QuestionAnswer% Correct
is bigger by area?Kazakhstan
100%
have the highest life expectancy?Kazakhstan
79%
has won the most Olympic medals?Kazakhstan
64%
has won the most of the disciplines seen above?Kazakhstan
64%
has the biggest active military?Afghanistan
43%
has best international tourism index? (is most visited by international tourists)Kazakhstan
43%
has the youngest population? (lowest median age)Afghanistan
36%
has the highest fertility rate?Afghanistan
36%
has the tallest building?Kazakhstan
36%
has the biggest oil reserves?Kazakhstan
36%
has the highest average IQ?Kazakhstan
36%
is the biggest in population?Afghanistan
29%
has the highest internet speed? (Wireless connection)Kazakhstan
29%
has biggest average (male) height?Kazakhstan
29%
has the highest GDP per capita?Uzbekistan
29%
is the happiest country according to happiness index?Uzbekistan
29%
has the highest mountain?Tajikistan
21%
has the highest forestation (% of land)?Turkmenistan
14%
has the lowest tax rate? (individual tax rate)Afghanistan
7%
is the safest according to global peace index?Kazakhstan
7%
has the biggest percentage of renewable energy?Tajikistan
7%
has the lowest crime rate?Uzbekistan
7%

Score Distribution

Percentile by Number Answered

Percent of People with Each Score

Your Score History

You have not taken this quiz